| 000 | 00515nam a2200193Ia 4500 | ||
|---|---|---|---|
| 003 | GCL | ||
| 008 | 140319s9999 xx 000 0 eng d | ||
| 040 |
_aGCL / _cGCL |
||
| 082 | 0 | 4 |
_a892.76 _bR T |
| 100 | 1 | _aRONFARD, BRUNA | |
| 245 | 1 | 0 |
_aTAHA HUSSEIN: LES CULTURES EN DIALOGUE / _cRONFARD, BRUNA |
| 260 |
_a[S.N] : _bDESCHE DE BROUWER ، _c1995 |
||
| 300 | _a134 P | ||
| 650 | 0 | 4 | _aARABIC CULTURE |
| 650 | 0 | 4 | _aARABIC LITERATURE |
| 650 | 0 | 4 | _aDIALOGUES - ARABIC |
| 650 | 0 | 4 | _aHUSSEIN, TAHA |
| 942 |
_2ddc _cBK |
||
| 999 |
_c14192 _d14192 |
||